[Event "Challenge"]
[Site "http://www.queenalice.com/game.php?id=928340"]
[Date "2011.4.20"]
[Round "-"]
[White "favazza2007"]
[Black "Satyr"]
[Result "0-1"]
[WhiteElo "1796"]
[BlackElo "1500"]

1. e4 e5 2. Nf3 d5 3. exd5 Bd6 4. Bb5+ Bd7 5. Qe2 Ne7 6. Nxe5 Bxe5 7. Qxe5 Bxb5
8. Qxg7 Rg8 9. Qxh7 Qxd5 10. f3 Rxg2 11. Nc3 Qxf3 12. Qh8+ Rg8 13. Qxg8+ Nxg8
14. Rg1 Nc6 15. Nxb5 O-O-O 16. Rxg8 Rxg8 17. d3 Re8+ 18. Kd2 Qe3+ 19. Kc3 Qc5+
20. Kd2 Qxb5 21. c3 Qe5 22. Kc2 Qxh2+ 23. Kb3 Qh1 24. a3 Re1 25. Kc2 f5 26. Ra2
Rxc1+ 27. Kb3 Qd5+ 28. c4 Qxd3+ 29. Ka4 Rxc4+ 30. b4 a6 31. Rd2 b5# 0-1

[Event "Challenge"]
[Site "http://www.queenalice.com/game.php?id=934489"]
[Date "2011.5.5"]
[Round "-"]
[White "Satyr"]
[Black "papyrusmoon"]
[Result "0-1"]
[WhiteElo "1848"]
[BlackElo "1404"]

1. e4 e5 2. Nf3 d5 3. exd5 Qxd5 4. Nc3 Qc5 5. Qe2 Nc6 6. d3 Nd4 7. Nxd4 Qxd4 8.
Nb5 Qb4+ 9. Nc3 f6 10. a3 Qc5 11. b4 Qxc3+ 12. Qd2 Qxa1 13. c3 Bxb4 14. cxb4 Qd4
15. Be2 Nh6 16. Qc2 c6 17. Be3 Qa1+ 18. Bd1 Qxa3 19. d4 Qxb4+ 20. Kf1 exd4 21.
Bh5+ g6 22. Bxg6+ hxg6 23. Qxg6+ Nf7 24. Bf4 Qc4+ 25. Ke1 Qc3+ 26. Ke2 Qc4+ 27.
Kd1 d3 28. Re1+ Be6 29. Rxe6+ Qxe6 30. Qxd3 Rd8 31. Qxd8+ Nxd8 32. Kc1 Qc4+ 0-1

[Event "Challenge"]
[Site "http://www.queenalice.com/game.php?id=936455"]
[Date "2011.5.10"]
[Round "-"]
[White "Satyr"]
[Black "favazza2007"]
[Result "1-0"]
[WhiteElo "1848"]
[BlackElo "1925"]

1. d4 d5 2. c4 c6 3. e3 Nf6 4. Nc3 dxc4 5. a4 e5 6. dxe5 Qxd1+ 7. Nxd1 Bb4+ 8.
Nc3 Nd5 9. Bd2 Bxc3 10. bxc3 b5 11. axb5 cxb5 12. g3 Nd7 13. Bg2 Bb7 14. Ne2
Nxe5 15. Nf4 Nd3+ 16. Nxd3 cxd3 17. Ra5 Bc6 18. c4 Ne7 19. Bxc6+ Nxc6 20. Rxb5
O-O 21. O-O f6 22. f4 Rfb8 23. Rfb1 Rxb5 24. cxb5 Rb8 25. Kf2 Ne7 26. e4 a6 27.
b6 Rb7 28. Ke3 Nc8 29. Ba5 Kf7 30. Kxd3 Ke6 31. Kd4 Kd6 32. e5+ fxe5+ 33. fxe5+
Ke6 34. Ke4 Ne7 35. Rd1 Nc8 36. Rc1 Ne7 37. Rc7 Rxc7 38. bxc7 Kd7 39. Bb4 Nc8
40. Bd6 a5 41. Kd5 Nb6+ 42. Kc5 Na8 43. e6+ Kc8 44. Kc6 a4 45. e7 1-0

[Event "Challenge"]
[Site "http://www.queenalice.com/game.php?id=939173"]
[Date "2011.5.17"]
[Round "-"]
[White "Dsilver"]
[Black "Satyr"]
[Result "0-1"]
[WhiteElo "1746"]
[BlackElo "1967"]

1. e3 e5 2. g3 Nf6 3. h4 d5 4. c4 d4 5. a3 dxe3 6. fxe3 Ne4 7. Bg2 Nxg3 8. Rh2
Be7 9. Bh3 Bxh3 10. Rxh3 Bxh4 11. Nf3 Nf5+ 12. Nxh4 Nxh4 13. Qg4 Ng6 14. Rf3
Qh4+ 15. Rg3 f5 16. Qxh4 Nxh4 17. Rxg7 Nd7 18. b4 O-O-O 19. d4 exd4 20. exd4
Nf3+ 21. Kf2 Nxd4 22. Bb2 Nb3 23. Ra2 Nb6 24. Rg3 Nd4 25. Rd3 Ne6 26. c5 Nc4 27.
Rxd8+ Rxd8 28. Bf6 Rf8 29. Bh4 Nf4 30. Kf1 Ng6 31. Bf2 Rd8 32. b5 Rd1+ 33. Kg2
Rxb1 34. c6 Rxb5 35. cxb7+ Kxb7 36. a4 Rb2 37. Ra1 h5 38. a5 a6 39. Rc1 Nxa5 40.
Kf3 Ne5+ 41. Kg3 h4+ 42. Kg2 h3+ 43. Kg3 f4+ 44. Kxf4 Rxf2+ 45. Kxe5 h2 46. Ke4
Rg2 47. Rb1+ Kc8 48. Kf3 Rg1 49. Rxg1 hxg1=Q 50. Ke4 Qd1 51. Ke5 c5 0-1

[Event "Challenge"]
[Site "http://www.queenalice.com/game.php?id=944459"]
[Date "2011.5.31"]
[Round "-"]
[White "papyrusmoon"]
[Black "Satyr"]
[Result "1-0"]
[WhiteElo "1445"]
[BlackElo "1967"]

1. e4 e5 2. Nf3 Nc6 3. Bb5 Nge7 4. Nc3 g6 5. h4 Nd4 6. Nxe5 Nxb5 7. Nxb5 d6 8.
Qf3 dxe5 9. Qf6 Rg8 10. Qxe5 Bg7 11. Nxc7+ Kd7 12. Qc5 Qxc7 13. Qg5 Qxc2 14. Qf4
Bxb2 15. Bxb2 Qxb2 16. Ke2 Qb5+ 17. d3 f5 18. Rab1 Qc6 19. Rhc1 Qd6 20. Qe3 fxe4
21. dxe4 Qe6 22. Qc5 Qxe4+ 23. Kf1 Nc6 24. Rd1+ Kc7 25. Qd6# 1-0

[Event "Challenge"]
[Site "http://www.queenalice.com/game.php?id=949553"]
[Date "2011.6.14"]
[Round "-"]
[White "ZUMBI"]
[Black "Satyr"]
[Result "1-0"]
[WhiteElo "2044"]
[BlackElo "2045"]

1. e4 c5 2. d4 cxd4 3. Qxd4 Nc6 4. Qa4 d6 5. Nc3 Bd7 6. Bb5 g6 7. Nf3 Bg7 8. O-O
a6 9. Be2 e5 10. Nd5 Nd4 11. Be3 Bxa4 12. b3 Nxe2+ 13. Kh1 Bc6 14. Nb6 Rb8 15.
Bg5 Qxb6 16. a4 Bxe4 17. Be3 Qc7 18. c4 d5 19. Rfe1 Nc3 20. Ba7 Rc8 21. a5 dxc4
22. Ng5 Qd7 23. Nxe4 Nxe4 24. Rxe4 Rd8 25. h3 Qf5 26. f3 Nf6 27. Rxc4 O-O 28.
Rc7 1-0

[Event "Challenge"]
[Site "http://www.queenalice.com/game.php?id=949554"]
[Date "2011.6.14"]
[Round "-"]
[White "Satyr"]
[Black "ZUMBI"]
[Result "1-0"]
[WhiteElo "2006"]
[BlackElo "2044"]

1. e4 e5 2. f4 Nc6 3. Nf3 d6 4. Bb5 Nf6 5. d4 Nxe4 6. Bxc6+ bxc6 7. dxe5 Bg4 8.
h3 Bd7 9. Nbd2 d5 10. c4 Bb4 11. O-O Ng3 12. Re1 Ne4 13. a3 Bc5+ 14. Kh2 Bf5 15.
g4 Bc8 16. Nxe4 O-O 17. Nxc5 Re8 18. Qa4 Qh4 19. Nxh4 f5 20. Nxf5 g6 21. Nd4
dxc4 22. Qxc6 Bxg4 23. hxg4 a5 24. Nde6 Rac8 25. Qd7 h5 26. Qg7# 1-0

[Event "Pasta Carbonara"]
[Site "http://www.queenalice.com/game.php?id=949851"]
[Date "2011.6.14"]
[Round "-"]
[White "Satyr"]
[Black "bobifixer"]
[Result "1-0"]
[WhiteElo "1997"]
[BlackElo "2028"]

1. d4 Nf6 2. c4 g6 3. Nc3 Bg7 4. e4 d6 5. Nf3 O-O 6. Be2 Nbd7 7. O-O e5 8. dxe5
Nxe5 9. Nxe5 dxe5 10. Bg5 Qe8 11. Bxf6 Bxf6 12. b4 c6 13. b5 Be6 14. bxc6 bxc6
15. Rb1 Qe7 16. a4 Rfd8 17. Qc2 Rd7 18. a5 Rad8 19. a6 Rd2 20. Qb3 1-0

[Event "Challenge"]
[Site "http://www.queenalice.com/game.php?id=950139"]
[Date "2011.6.15"]
[Round "-"]
[White "papyrusmoon"]
[Black "Satyr"]
[Result "0-1"]
[WhiteElo "1413"]
[BlackElo "1997"]

1. e4 c5 2. Nf3 d6 3. d4 Nf6 4. Nc3 cxd4 5. Nxd4 a6 6. Bg5 e5 7. Nf5 g6 8. Ne3
Bg7 9. Ncd5 O-O 10. Bc4 Nbd7 11. O-O Qa5 12. b4 Qa3 13. Ne7+ Kh8 14. Qxd6 Nxe4
15. Qc7 Nxg5 16. Nxc8 Raxc8 17. Qxd7 Qxb4 18. a3 Qc3 19. Qxb7 Rxc4 20. Nxc4 Qxc4
21. Rfe1 e4 22. Qe7 Ne6 23. Qh4 Bxa1 24. Rxa1 Qxc2 25. Re1 Rc8 26. Qf6+ Kg8 27.
Rf1 Qc1 28. Rxc1 Rxc1# 0-1

[Event "Challenge"]
[Site "http://www.queenalice.com/game.php?id=950220"]
[Date "2011.6.15"]
[Round "-"]
[White "favazza2007"]
[Black "Satyr"]
[Result "1-0"]
[WhiteElo "1959"]
[BlackElo "1984"]

1. Nc3 c5 2. e4 d6 3. Bb5+ Bd7 4. Nge2 a6 5. Bc4 b5 6. Bd5 Bc6 7. a3 Nf6 8.
Bxc6+ Nxc6 9. d3 h6 10. Be3 e6 11. O-O Be7 12. f3 e5 13. Ng3 O-O 14. Nf5 Kh7 15.
f4 g6 16. Nxe7 Qxe7 17. f5 Rg8 18. Qd2 Ng4 19. Nd5 Qd8 20. h3 Nxe3 21. Qxe3 g5
22. c3 f6 23. Qe2 Nb8 24. Qh5 Nd7 25. Ne3 Kg7 26. Qg6+ Kf8 27. Qxh6+ Ke8 28.
Qh5+ Kf8 29. Nd5 c4 30. dxc4 bxc4 31. Qh6+ Rg7 32. Qh8+ Rg8 33. Qh6+ Ke8 34.
Qh5+ Kf8 35. Qe2 Nb6 36. Nxb6 Qxb6+ 37. Qf2 Qb7 38. Qe2 Qc6 39. Rfd1 Rh8 40. Rd5
Rh4 41. Rad1 Rd8 42. Kh2 Ke7 43. g3 Rhh8 44. g4 Rd7 45. Kg3 Rhd8 46. Qc2 Qb6 47.
Re1 Rb8 48. Re2 Rdb7 49. Rdd2 Qg1+ 50. Kf3 Rxb2 51. Qxb2 Rxb2 52. Rxb2 Qc1 53.
Rbc2 Qxa3 54. Red2 Qa1 55. Kg2 a5 56. Rf2 Kd7 57. Rf1 Qa3 58. Rb1 Kc6 59. Kg3
Qc5 60. Re1 d5 61. exd5+ Qxd5 62. Re3 a4 63. h4 gxh4+ 64. Kxh4 Qh1+ 65. Rh3 Qe1+
66. Kh5 Qd1 67. Rhh2 Kb5 68. Kg6 Qxg4+ 69. Kxf6 e4 70. Rhg2 Qf3 71. Kg6 1-0

[Event "Challenge"]
[Site "http://www.queenalice.com/game.php?id=954909"]
[Date "2011.6.29"]
[Round "-"]
[White "Hyperboreo"]
[Black "Satyr"]
[Result "1-0"]
[WhiteElo "2046"]
[BlackElo "2012"]

1. d4 d5 2. Nf3 Nf6 3. Bf4 e6 4. e3 Ne4 5. h3 g5 6. Be5 f6 7. Bh2 Nc6 8. Bd3
Bb4+ 9. c3 Ba5 10. Qc2 f5 11. Nbd2 h5 12. Bxe4 fxe4 13. Ne5 Bd7 14. Nb3 Bb6 15.
O-O-O Qe7 16. Ng6 Qg7 17. Nxh8 Qxh8 18. f4 Qg8 19. fxg5 Qxg5 20. Bf4 Qg6 21. g4
h4 22. Qf2 O-O-O 23. Qxh4 Rg8 24. Rdg1 Qg7 25. Qg3 Re8 26. h4 e5 27. dxe5 Nxe5
28. Bxe5 Rxe5 29. g5 Bg4 30. Qxg4+ Kd8 31. Nd4 Qg8 32. h5 c5 33. Nb3 d4 34. exd4
cxd4 35. cxd4 Qc4+ 36. Kb1 Qd3+ 37. Ka1 Rd5 38. g6 1-0

[Event "Challenge"]
[Site "http://www.queenalice.com/game.php?id=954910"]
[Date "2011.6.29"]
[Round "-"]
[White "Satyr"]
[Black "Hyperboreo"]
[Result "0-1"]
[WhiteElo "2045"]
[BlackElo "2052"]

1. e4 c5 2. Nc3 Nc6 3. g3 Nf6 4. Bg2 e6 5. d3 d5 6. exd5 exd5 7. Qe2+ Be6 8. Bg5
Be7 9. Bxf6 gxf6 10. O-O-O Qd7 11. h3 O-O-O 12. Qe1 d4 13. Nb5 Bd5 14. Bf3 Kb8
15. b3 Nb4 16. a4 a6 17. Na3 Na2+ 18. Kb2 Bxf3 19. Nxf3 Nc3 20. Rd2 Rhe8 21. Nh4
c4 22. Nxc4 Ba3+ 23. Kxa3 Rxe1 24. Rxe1 b5 25. Nb2 Qd6+ 26. b4 Nd5 27. Ka2 Qxb4
28. Nf3 Nc3+ 0-1

[Event "giobetti"]
[Site "http://www.queenalice.com/game.php?id=962669"]
[Date "2011.7.20"]
[Round "1"]
[White "favazza2007"]
[Black "Satyr"]
[Result "1-0"]
[WhiteElo "2048"]
[BlackElo "1954"]

1. e4 c5 2. Nf3 d6 3. Nc3 Nf6 4. d4 cxd4 5. Qxd4 Nc6 6. Bb5 Bd7 7. Qa4 g6 8. O-O
Bg7 9. Qb3 O-O 10. Bxc6 Bxc6 11. Re1 a5 12. a4 e6 13. Bg5 Ra6 14. Nd2 Rb6 15.
Nb5 Qd7 16. Nc4 Rxb5 17. axb5 Bxe4 18. Bxf6 Bxf6 19. Rxe4 d5 20. Nb6 Qc7 21.
Nxd5 exd5 22. Qxd5 Qxc2 23. Qxb7 Bxb2 24. Rae1 Bc3 25. Rc4 a4 26. Rf1 Qb3 27.
Qc6 Bb2 28. b6 a3 29. b7 Kg7 30. Qe4 Rb8 31. Rb4 Qe6 32. Qxe6 fxe6 33. Rb1 Be5
34. f4 Bd6 35. Ra4 Kf7 36. Ra8 Ke8 37. Rxb8+ Bxb8 38. Ra1 Kd7 39. Rxa3 1-0

[Event "Let's Play Chess!"]
[Site "http://www.queenalice.com/game.php?id=976032"]
[Date "2011.8.24"]
[Round "-"]
[White "Satyr"]
[Black "gustavline"]
[Result "0-1"]
[WhiteElo "1933"]
[BlackElo "1904"]

1. d4 d5 2. c4 c6 3. Nf3 Nf6 4. Nc3 Bf5 5. e3 e6 6. Bd3 Bxd3 7. Qxd3 Bb4 8. Bd2
Qa5 9. O-O Nbd7 10. a3 Bxc3 11. Bxc3 Qc7 12. Nd2 a5 13. cxd5 cxd5 14. a4 b6 15.
b4 O-O 16. Rfb1 Rfc8 17. Rc1 Qa7 18. bxa5 bxa5 19. Nb3 Ne4 20. Bxa5 Nd6 21. Bb4
Nc4 22. Nc5 Nb8 23. a5 Nc6 0-1